Datum a čas kvízu
28
Celkem bodů
Celkový počet nahraných bodů na tomto kvízu bez doplňovacích otázek.
8.
Pořadí na kvízu
Konečné umístění týmu na tomto kvízu.
Zaznamenané odpovědi
| # | Otázka | Odpověď | Body | Výsledky |
|---|---|---|---|---|
| 1. | V ostravské zoologické zahradě... | o mývaly severní | 1 | |
| 2. | Balendra Šáh se v pátek stal p... | A | 1 | |
| 3. | Ve středu byla zveřejněna prvn... | Harry Potter, HBO | 1 | |
| 4. | Které dvě společnosti byly min... | Meta a Google | 1 | |
| 5. | Po 33 letech se do České repub... | Kaori Sakamoto; Ilia Malinin | 0.5 | |
| 6. | „Na kterém z havajských ostrov... | B | 0 | |
| 7. | AZ Kvíz se na obrazovkách obje... | 1 100 Kč | 0 | |
| 8. | Doplňte tři slova do sloganu s... | který vám zaplatí | 0 | |
| 9. | Pod kterým názvem jsme mohli z... | Rejžuj! | 0 | |
| 10. | Kdo byl moderátorem soutěže, j... | Marek Eben, Valtice | 0 |